| 000 | 01486nam a22002057a 4500 | ||
|---|---|---|---|
| 999 |
_c63728 _d63728 |
||
| 003 | Ge_BSU | ||
| 005 | 20251216182828.0 | ||
| 008 | 251216s2025 ge ||||| |||| 00| 0 geo d | ||
| 020 | _a9789941994272 | ||
| 041 | _ageo | ||
| 080 | _a27-246 ა-94 | ||
| 245 |
_aახალი აღთქმა = H Kainh Diaohkh = Novum Testamentum : _bწმ. გიორგი მთაწმინდელის რედაქციის კრიტიკულად დადგენილი ტექსტის მე-2 სრული გამოცემის მიხედვით / _cრედაქტორი ნოდარ დუგლაძე; ქართული ტექსტის აკრეფა თ. ჩიხლაძე; |
||
| 264 |
_aთბილისი : _bსაქართველოს ეროვნული ბიბლიოთეკა, _c2025. |
||
| 300 |
_a628 გვ. ; _b 30 სმ. |
||
| 500 | _a გარეკანი, თავფურცელი და ტექსტი ძველბერძნულ, ლათინურ და ქართულ ენებზე. | ||
| 653 | _aახალი აღთქმა | ||
| 700 |
_aდუგლაძე, ნოდარ _eრედაქტორი, წინასიტყვაობის ავტორი _926530 |
||
| 700 |
_aჩიხლაძე, თ. _eქართული ტექსტის აკრეფა _926531 |
||
| 942 |
_2udc _cᲬᲘᲒᲜᲘ |
||